Essentials of pediatrics, (Record no. 90853)

MARC details
000 -LEADER
fixed length control field 01039cam a22002771 4500
001 - CONTROL NUMBER
control field sg 46000284
003 - CONTROL NUMBER IDENTIFIER
control field DLC
005 - DATE AND TIME OF LATEST TRANSACTION
control field 20260227112750.0
008 - FIXED-LENGTH DATA ELEMENTS--GENERAL INFORMATION
fixed length control field 750905s1946 xx 000 0 eng
010 ## - LIBRARY OF CONGRESS CONTROL NUMBER
LC control number sg 46000284
035 ## - SYSTEM CONTROL NUMBER
System control number (OCoLC)1599732
040 ## - CATALOGING SOURCE
Original cataloging agency DLC
Transcribing agency FMU
Modifying agency OClW-H
-- DLC
042 ## - AUTHENTICATION CODE
Authentication code premarc
050 00 - LIBRARY OF CONGRESS CALL NUMBER
Classification number RJ47
Item number .J4 1946
082 ## - DEWEY DECIMAL CLASSIFICATION NUMBER
Classification number 618.92073
100 1# - MAIN ENTRY--PERSONAL NAME
Personal name Jeans, Philip Charles,
Dates associated with a name 1883-
245 10 - TITLE STATEMENT
Title Essentials of pediatrics,
Statement of responsibility, etc. by Philip C. Jeans...Winifred Rand...[and] Florence G. Blake...86 illustrations and 9 subjects in color.
250 ## - EDITION STATEMENT
Edition statement 4th ed.
260 ## - PUBLICATION, DISTRIBUTION, ETC.
Place of publication, distribution, etc. Philadelphia,
Name of publisher, distributor, etc. Montreal [etc.] J.B. Lippincott company
Date of publication, distribution, etc. [1946]
300 ## - PHYSICAL DESCRIPTION
Extent xvi, 627 p.
Other physical details incl. front., illus., diagrs. plates (part col., part fold.)
Dimensions 21 cm.
500 ## - GENERAL NOTE
General note Previous editions, by Philip C. Jeans, published under title: Essentials of pediatrics for nurses.
504 ## - BIBLIOGRAPHY, ETC. NOTE
Bibliography, etc. note Bibliography: p. 591-596.
650 #0 - SUBJECT ADDED ENTRY--TOPICAL TERM
Topical term or geographic name entry element Children
General subdivision Diseases.
700 1# - ADDED ENTRY--PERSONAL NAME
Personal name Rand, Winifred,
Relator term joint author.
700 1# - ADDED ENTRY--PERSONAL NAME
Personal name Blake, Florence
Relator term joint author.

No items available.

Powered by Koha